Normal view
MARC view
- Seguridad social
Entry Materia
001 - NÚMERO DE CONTROL DEL REGISTRO
- campo de control: 59516
003 - IDENTIFICADOR DE NUMERO DE CONTROL
- campo de control: MX-MxUPN
005 - FECHA Y HORA DE LA ÚLTIMA TRANSACCIÓN
- campo de control: 20260514125007.0
008 - DATOS DE LONGITUD FIJA
- campo de control de longitud fija: 260514|| acn||babn | a|a d
040 ## - FUENTE DE LA CATALOGACIÓN
- Centro catalogador de origen: MX-MxUPN
- Lengua de catalogación: spa
- Agencia de transcripción: MX-MxUPN
150 ## - ENCABEZAMIENTO - TEMÁTICO
- Término de materia o nombre geográfico como elemento inicial: Seguridad social
- Subdivisión geográfica: México
- Subdivisión de materia general: Historia
670 ## - FUENTE EN LA QUE SE LOCALIZARON DATOS
- Cita de la fuente: Autoridades BGTQ, 14 mayo 2026:
- Información localizada: (Seguridad social -- México -- Historia)
902 ## - CATALOGADOR
- Catalogador: Víctor Ruiz/140526
